000 00779nam a2200229Ia 4500
003 GCL
008 140319s9999 xx 000 0 ara d
020 _a015552977
040 _aGCL /
_cGCL
082 0 4 _a658.3124
_bع ع
100 1 _aعبدالرحمن توفيق
245 1 0 _aالعملية التدريبية /
_cعبدالرحمن توفيق
250 _aالثانية
260 _aالقاهرة :
_bمركز الخبرات المهنية للادارة بميك ،
_c2002
300 _a388 ص ؛
_c24 سم
490 _aموسوعة التدريب والتنمية البشرية
_v2
650 0 4 _aالتوجية الادارى
650 0 4 _aالتدريب
650 0 4 _aتقييم الاداء
650 0 4 _aالتدريب الادارى
942 _2ddc
_cBK
999 _c5401
_d5401